Top 100 Biggest Cities in Bangladesh - Statistics

General Stats
  • This quiz has been taken 231 times
  • The average score is 13 of 100
Answer Stats
# City Population % Correct
1 Dhaka 8,906,039
100%
2 Chittagong 2,592,439
89%
3 Khulna 664,728
70%
4 Sylhet 531,663
67%
16 Cox's Bazar 223,522
56%
5 Rajshahi 451,425
54%
10 Rangpur 307,053
53%
8 Mymensingh 389,918
51%
9 Barisal 339,308
43%
12 Comilla 296,010
42%
17 Gazipur 213,061
42%
13 Narayanganj 286,330
42%
19 Dinajpur 191,329
30%
15 Jessore 237,478
30%
7 Bogra 400,983
28%
23 Tangail 167,412
24%
37 Faridpur 122,425
23%
22 Chandpur 171,065
22%
27 Feni 156,971
22%
18 Brahmanbaria 193,814
20%
30 Jamalpur 150,172
20%
31 Pabna 144,442
20%
47 Habiganj 83,114
19%
11 Savar 296,851
19%
6 Tongi 406,420
19%
39 Satkhira 113,322
16%
45 Bhola 87,243
15%
20 Narsingdi 185,128
15%
59 Gopalganj 53,778
13%
25 Kadam Rasul 166,291
13%
42 Kushtia 108,423
13%
48 Lakshmipur 83,112
13%
60 Sherpur 51,750
13%
43 Kishoreganj 103,798
11%
51 Rangamati 66,836
11%
61 Sunamganj 50,664
11%
32 Saidpur 133,433
10%
24 Sirajganj 167,200
10%
54 Lalmonirhat 60,322
9%
21 Nawabganj 180,731
9%
53 Patuakhali 65,000
9%
70 Moulvibazar 41,358
8%
81 Barguna 33,098
6%
44 Netrokona 91,936
6%
38 Bhairab 118,992
5%
35 Chuadanga 128,865
5%
29 Naogaon 150,549
5%
49 Pirojpur 78,057
5%
55 Gaibandha 59,289
4%
41 Jhenaidah 110,541
4%
97 Amtali 21,808
3%
33 Chowmuhani 132,948
3%
68 Jhalokati 47,534
3%
26 Kaliakair 163,498
3%
14 Siddhirganj 256,760
3%
36 Sreepur 126,249
3%
67 Chhagalnaiya 48,243
1%
46 Noapara 85,856
1%
72 Sitakunda 36,650
1%
87 Bakerganj 29,890
0%
T64 Bhadeshwar 50,000
0%
89 Bhuapur 28,708
0%
93 Borhanuddin 26,053
0%
74 Chandanaish 35,248
0%
69 Char Fasson 42,915
0%
76 Chhatak 34,498
0%
40 Comilla Sadar Dakshin 111,891
0%
79 Daganbhuiyan 33,574
0%
80 Darshana 33,396
0%
91 Daulatkhan 27,514
0%
73 Dhanbari 36,125
0%
58 Elenga 55,000
0%
75 Ghatail 35,245
0%
62 Gopalpur 50,160
0%
63 Gournadi 50,023
0%
71 Kalihati 37,038
0%
50 Kawkhali 70,515
0%
84 Lohagara 30,815
0%
57 Madhupur 56,342
0%
34 Majidee 130,842
0%
88 Mathbaria 28,851
0%
78 Mehendiganj 33,802
0%
83 Mirsharai 31,206
0%
90 Mirzapur 28,602
0%
66 Muktagachha 49,915
0%
96 Mundumala 21,940
0%
85 Nalchity 30,803
0%
T64 Oskhali 50,000
0%
92 Parshuram 26,691
0%
94 Phulpur 25,628
0%
98 Porabari 21,622
0%
95 Rangunia 23,036
0%
56 Rohanpur 58,624
0%
77 Sagornal 34,492
0%
86 Sakhipur 30,028
0%
99 Shahbazpur 21,429
0%
52 Shahjadpur 65,897
0%
100 Sonagazi 20,810
0%
28 Tarabo 150,709
0%
82 Tarundia 32,289
0%
No matching quizzes found
Score Distribution
Percent of People with Each Score
Percentile by Number Answered
Your Score History
You have not taken this quiz